[Event "Detroit (RVO/4)"]
[Site "?"]
[Date "1990.??.??"]
[Round "?"]
[White "Mazuchowski, Tom"]
[Black "Morrow, Chris"]
[Result "1-0"]
[WhiteElo "2170"]
[BlackElo "1805"]
[PlyCount "119"]
[EventDate "1990.??.??"]

1. e4 c6 2. d4 d5 3. Nd2 dxe4 4. Nxe4 Nd7 5. Bc4 e6 6. Nf3 Ngf6 7. Nxf6+ Nxf6
8. Bf4 Be7 9. Qd3 O-O 10. h4 c5 11. O-O-O cxd4 12. Qxd4 Qxd4 13. Nxd4 a6 14.
Bb3 Ng4 15. Bg3 b5 16. Rhe1 Bc5 17. f3 Nf6 18. c3 Re8 19. Be5 Bb7 20. Bc2 Bd5
21. Kb1 b4 22. Nb3 Be7 23. Nd2 bxc3 24. Bxc3 Bd6 25. Ne4 Nxe4 26. fxe4 Bg3 27.
Re3 Bxa2+ 28. Kxa2 Bxh4 29. Rh3 Be7 30. e5 h6 31. Rhd3 Red8 32. Rxd8+ Rxd8 33.
Rxd8+ Bxd8 34. Bd3 a5 35. Kb3 h5 36. Ka4 Bc7 37. Be2 h4 38. Bg4 g5 39. Kb5 Kh7
40. Kc6 Bd8 41. b3 Kg6 42. Bd4 Be7 43. Bc5 f5 44. exf6 Bxf6 45. Kd7 Bc3 46.
Kxe6 Bd2 47. Kd5 Kf6 48. Bd4+ Kg6 49. Kc4 Bf4 50. Bc3 Bc7 51. Kb5 Kf7 52. Bxa5
Bf4 53. Bc3 Ke7 54. Kc6 Bg3 55. b4 Bf4 56. b5 Bg3 57. b6 Bf2 58. b7 Ba7 59. Be5
Kf7 60. Kb5 1-0

[Event "Flint (MEX/4)"]
[Site "?"]
[Date "1990.??.??"]
[Round "?"]
[White "Mazuchowski, Tom"]
[Black "Laren, Philip"]
[Result "1-0"]
[WhiteElo "2225"]
[BlackElo "2165"]
[PlyCount "139"]
[EventDate "1990.??.??"]

1. e4 d5 2. exd5 Qxd5 3. Nc3 Qa5 4. d4 Nf6 5. g3 Bg4 6. Qd3 Nc6 7. Bg2 Nb4 8.
Qb5+ Qxb5 9. Nxb5 O-O-O 10. Na3 e5 11. f3 Bf5 12. dxe5 Bc5 13. exf6 Rhe8+ 14.
Ne2 Bxc2 15. Bd2 Bd3 16. Bf1 Ba6 17. O-O-O Nd3+ 18. Kc2 Nf2 19. Nc3 Nxh1 20.
Bh3+ Kb8 21. Rxh1 Bd3+ 22. Kc1 gxf6 23. Nc2 a6 24. Ne1 Bc4 25. Bf5 Bb4 26. Bxh7
Re2 27. Nxe2 Bxd2+ 28. Kc2 Bxe2 29. Be4 Ba5 30. Nd3 f5 31. Bxf5 Bxf3 32. Rf1
Bd5 33. b3 Bc6 34. h4 Re8 35. Nf4 Be1 36. Nh5 Bg2 37. Rg1 Bc6 38. Nf6 Bf2 39.
Nxe8 Bxg1 40. Nf6 Bf2 41. h5 Bxg3 42. h6 Be5 43. Ng4 Bh8 44. Kd3 Bd5 45. h7 c6
46. Ne3 Kc7 47. Bg4 a5 48. Bh5 Be6 49. Bg4 b5 50. Bxe6 fxe6 51. Ng2 Kd6 52. Nh4
Kc5 53. Ng6 Ba1 54. a3 a4 55. b4+ Kd5 56. h8=Q Bxh8 57. Nxh8 e5 58. Nf7 e4+ 59.
Kc3 e3 60. Ng5 c5 61. bxc5 e2 62. Nf3 Kxc5 63. Ne1 b4+ 64. axb4+ Kb5 65. Nc2
Kb6 66. Kd2 Kb5 67. Kc3 Kb6 68. Kb2 Kb5 69. Ka3 Kc4 70. Kxa4 1-0

[Event "Detroit (MI Op/4/8)"]
[Site "?"]
[Date "1990.??.??"]
[Round "?"]
[White "Mazuchowski, Tom"]
[Black "Kulbacki, James"]
[Result "1-0"]
[WhiteElo "2185"]
[BlackElo "2025"]
[PlyCount "25"]
[EventDate "1990.??.??"]

{4/(8)} 1. e4 e5 2. Nf3 Nc6 3. d4 exd4 4. Bc4 Bc5 5. O-O Nf6 6. e5 d5 7. exf6
dxc4 8. fxg7 Rg8 9. Bg5 Qd6 10. Nbd2 Qg6 11. Ne4 Be7 12. Bxe7 Nxe7 13. Qxd4 1-0

[Event "Detroit (RVO/1)"]
[Site "?"]
[Date "1990.??.??"]
[Round "?"]
[White "Mazuchowski, Tom"]
[Black "Kirkman-Bey, R."]
[Result "1-0"]
[WhiteElo "2170"]
[BlackElo "1655"]
[PlyCount "35"]
[EventDate "1990.??.??"]

1. e4 c5 2. Nf3 d6 3. d4 cxd4 4. Nxd4 Nf6 5. Nc3 a6 6. Bc4 e5 7. Nde2 Be7 8.
Bg5 b5 9. Bb3 Nbd7 10. Nd5 Bb7 11. Nxe7 Qxe7 12. Ng3 d5 13. exd5 Qc5 14. Be3
Qc8 15. Nf5 Kf8 16. O-O e4 17. Qd4 h5 18. Qb4+ 1-0

[Event "Detroit (MCO/2/4)"]
[Site "?"]
[Date "1990.??.??"]
[Round "?"]
[White "Mazuchowski, Tom"]
[Black "June, Brian"]
[Result "1-0"]
[WhiteElo "2210"]
[BlackElo "1835"]
[PlyCount "107"]
[EventDate "1990.??.??"]

{2/(4)} 1. e4 c5 2. Nf3 Nc6 3. d4 cxd4 4. Nxd4 e5 5. Nb5 a6 6. Nd6+ Bxd6 7.
Qxd6 Qf6 8. Qa3 Nge7 9. Nc3 Rb8 10. Be3 b5 11. Nd5 Nxd5 12. exd5 Ne7 13. O-O-O
Bb7 14. f4 O-O 15. fxe5 Qxe5 16. Bc5 Rfe8 17. Bd6 Qg5+ 18. Kb1 Rbc8 19. Bxe7
Rxe7 20. Bd3 Rce8 21. c4 bxc4 22. Bxc4 Qg6+ 23. Qd3 Qxd3+ 24. Rxd3 Re3 25. Rhd1
d6 26. Kc2 Bc8 27. Rxe3 Rxe3 28. Kd2 Re8 29. Re1 Rxe1 30. Kxe1 f5 31. Kd2 Kf7
32. Kc3 Kf6 33. Kd4 g5 34. b4 f4 35. h3 h5 36. Be2 g4 37. hxg4 h4 38. Bf3 Kg5
39. Be2 Bxg4 40. Bxa6 f3 41. gxf3 Bxf3 42. Bf1 Kf4 43. b5 Kg3 44. b6 Bg2 45.
Bxg2 Kxg2 46. b7 h3 47. b8=Q h2 48. Qg8+ Kh1 49. Qh7 Kg2 50. Qe4+ Kg1 51. Qg4+
Kh1 52. Qf3+ Kg1 53. Ke3 h1=N 54. Qh3 1-0

[Event "Lansing (MI Inv/2)"]
[Site "?"]
[Date "1990.??.??"]
[Round "?"]
[White "Mazuchowski, Tom"]
[Black "Hahn, David"]
[Result "1/2-1/2"]
[WhiteElo "2240"]
[BlackElo "2225"]
[PlyCount "91"]
[EventDate "1990.??.??"]

1. e4 g6 2. d4 Bg7 3. Nc3 d6 4. Be3 a6 5. Qd2 b5 6. O-O-O Nd7 7. f4 Ngf6 8. Bd3
Ng4 9. Nf3 Nxe3 10. Qxe3 c5 11. h4 Bb7 12. dxc5 Nxc5 13. e5 O-O 14. h5 Qb6 15.
Qe1 b4 16. Ne4 Nxd3+ 17. Rxd3 Rac8 18. Neg5 Qb5 19. Kb1 Qc4 20. Qd2 h6 21. Rd4
Qc5 22. Ne4 Bxe4 23. Rxe4 a5 24. hxg6 fxg6 25. Rd1 dxe5 26. Nxe5 Rfd8 27. Qxd8+
Rxd8 28. Rxd8+ Kh7 29. Rd1 g5 30. Nd3 Qc7 31. fxg5 hxg5 32. Rde1 Bf6 33. Ne5
Kg8 34. Ng4 Qg3 35. Nxf6+ exf6 36. R4e2 Kg7 37. Kc1 Qf4+ 38. Kb1 Qg3 39. Kc1
Qf4+ 40. Kb1 a4 41. Re4 Qg3 42. R1e2 Kg6 43. Kc1 Qd6 44. g4 a3 45. bxa3 bxa3
46. c4 1/2-1/2

[Event "Lansing (MI Inv/6)"]
[Site "?"]
[Date "1990.??.??"]
[Round "?"]
[White "Mazuchowski, Tom"]
[Black "Finegold, Mark"]
[Result "1/2-1/2"]
[WhiteElo "2240"]
[BlackElo "2245"]
[PlyCount "59"]
[EventDate "1990.??.??"]

1. e4 c5 2. f4 e6 3. Qe2 Nc6 4. Nf3 d6 5. g3 Nge7 6. c3 g6 7. d3 Bg7 8. Be3 O-O
9. Bg2 b5 10. O-O b4 11. Qd2 Rb8 12. d4 bxc3 13. bxc3 cxd4 14. cxd4 d5 15. e5
Na5 16. Qd1 Ba6 17. Rf2 Nc4 18. Bc1 Nf5 19. Na3 Nfe3 20. Qa4 Qc8 21. Nxc4 Qxc4
22. Qxc4 Nxc4 23. Bf1 Rb6 24. Bxc4 Bxc4 25. Ba3 Rfb8 26. Nd2 Bf8 27. Nxc4 dxc4
28. Bxf8 Kxf8 29. Rc2 Rb4 30. Rac1 1/2-1/2

[Event "Detroit (RVO/3)"]
[Site "?"]
[Date "1990.??.??"]
[Round "?"]
[White "Mazuchowski, Tom"]
[Black "Everett, Morgan"]
[Result "0-1"]
[WhiteElo "2170"]
[BlackElo "2140"]
[PlyCount "72"]
[EventDate "1990.??.??"]

1. e4 e5 2. Nf3 Nc6 3. d4 exd4 4. Bc4 Nf6 5. e5 d5 6. Bb5 Ne4 7. Nxd4 Bd7 8.
Bxc6 bxc6 9. O-O Bc5 10. f3 Ng5 11. Be3 O-O 12. Qd2 f6 13. Nb3 Bb6 14. exf6
Qxf6 15. c3 Rae8 16. Bd4 Qg6 17. f4 Nh3+ 18. Kh1 Nxf4 19. Rxf4 Rxf4 20. Na3
Rfe4 21. Rg1 Re2 22. Qc1 Bh3 23. Qf1 Re1 24. Qf3 Rxg1+ 25. Kxg1 Bxg2 26. Qg3
Qxg3 27. hxg3 Bf3 28. Kf2 Bd1 29. g4 Re2+ 30. Kg3 Rxb2 31. Bxb6 cxb6 32. Nd4
Rxa2 33. Nb1 c5 34. Nf5 Bc2 35. Ne7+ Kf7 36. Nxd5 Bxb1 0-1

[Event "Flint (Class C/2)"]
[Site "?"]
[Date "1990.??.??"]
[Round "?"]
[White "Mannor, Eric"]
[Black "Walls, R."]
[Result "1-0"]
[WhiteElo "1605"]
[BlackElo "1605"]
[PlyCount "109"]
[EventDate "1990.??.??"]

1. e4 Nf6 2. Nc3 d5 3. e5 Ne4 4. d4 Nxc3 5. bxc3 e6 6. Nf3 c5 7. Ba3 b6 8. c4
Ba6 9. cxd5 Qxd5 10. Bxa6 Nxa6 11. dxc5 Qxd1+ 12. Rxd1 Bxc5 13. Bxc5 Nxc5 14.
O-O O-O 15. Nh4 Rfd8 16. f4 g6 17. Nf3 Ne4 18. Rd3 Rac8 19. Rfd1 Rxd3 20. cxd3
Nc3 21. Rd2 Nd5 22. g3 Rc1+ 23. Kf2 b5 24. Nd4 b4 25. Nb3 Rc3 26. h4 h5 27. Kf3
Ne7 28. Nd4 a5 29. Ke4 Nf5 30. Nxf5 gxf5+ 31. Kd4 Rc7 32. Rb2 Kf8 33. Rb3 Rc1
34. Ke3 Rc2 35. a3 Rc3 36. Rxc3 bxc3 37. d4 c2 38. Kd2 c1=Q+ 39. Kxc1 Ke7 40.
Kc2 Kd7 41. Kc3 Kc6 42. Kc4 Kb6 43. a4 Kc6 44. d5+ exd5+ 45. Kd4 Kb7 46. Kxd5
Kc7 47. Kc5 Kb7 48. Kb5 Ka7 49. Kxa5 Kb7 50. Kb5 Ka7 51. a5 Kb7 52. Kc5 Ka6 53.
Kd6 Kxa5 54. Ke7 Kb5 55. Kxf7 1-0

[Event "Flint (Class C/5)"]
[Site "?"]
[Date "1990.??.??"]
[Round "?"]
[White "Mannor, Eric"]
[Black "Sells, P."]
[Result "1-0"]
[WhiteElo "1605"]
[BlackElo "1605"]
[PlyCount "44"]
[EventDate "1990.??.??"]

1. e4 e5 2. Nf3 Nc6 3. Bc4 Bc5 4. d3 Nf6 5. Bg5 O-O 6. Nc3 h6 7. Bh4 d6 8. h3
Na5 9. Nd5 Nxc4 10. dxc4 c6 11. Nxf6+ gxf6 12. O-O Kh7 13. Kh2 Rg8 14. Ng1 Rg6
15. Qf3 Be6 16. b3 Qe7 17. g3 Kg7 18. Qe2 Qd7 19. Rab1 f5 20. exf5 Bxf5 21.
Rfd1 Rg8 22. b4 Bxf2 1-0

[Event "Detroit (MI Op/6/31)"]
[Site "?"]
[Date "1990.??.??"]
[Round "?"]
[White "Manion, Tom"]
[Black "Triplett, Thomas"]
[Result "1-0"]
[WhiteElo "1915"]
[BlackElo "1850"]
[PlyCount "93"]
[EventDate "1990.??.??"]

{6/(31)} 1. e4 c5 2. d4 cxd4 3. Nf3 d6 4. Bc4 Nc6 5. O-O Nf6 6. Re1 e5 7. c3
dxc3 8. Nxc3 Be7 9. Ng5 O-O 10. Qb3 Nd4 11. Bxf7+ Kh8 12. Qc4 h6 13. Ne6 Bxe6
14. Bxe6 Nc2 15. Bd2 Nxa1 16. Rxa1 Nh7 17. Nd5 Bg5 18. Bc3 Nf6 19. Nc7 Rb8 20.
Bf5 d5 21. exd5 Nxd5 22. Ne6 Qc8 23. Qxd5 Rxf5 24. g4 Rf6 25. Bxe5 Rxe6 26.
Bxb8 Rc6 27. Bxa7 Qxg4+ 28. Qg2 Qb4 29. b3 Qc3 30. Rf1 Qa5 31. Bd4 Qxa2 32. Qd5
Qd2 33. Qd7 Rg6 34. Kh1 Qe2 35. Rg1 Qf3+ 36. Rg2 Bf6 37. Qe8+ Kh7 38. Qxg6+ Kh8
39. Qe8+ Kh7 40. Qg6+ Kh8 41. Qg4 Qc6 42. Bxf6 Qc1+ 43. Rg1 Qc6+ 44. Qg2 Qxf6
45. Qxb7 Qb2 46. b4 g5 47. Re1 1-0

[Event "Flint (Class A/5)"]
[Site "?"]
[Date "1990.??.??"]
[Round "?"]
[White "Manion, Tom"]
[Black "Stefanski, Mark"]
[Result "1-0"]
[WhiteElo "1885"]
[BlackElo "1895"]
[PlyCount "107"]
[EventDate "1990.??.??"]

1. e4 c5 2. Nf3 Nc6 3. d4 cxd4 4. Nxd4 e6 5. Nc3 a6 6. a4 Bb4 7. Qd3 d5 8. Nxc6
bxc6 9. Qd4 c5 10. Qxg7 Qf6 11. Qxf6 Nxf6 12. exd5 exd5 13. Bd2 d4 14. Nb1 Bb7
15. Bxb4 cxb4 16. Nd2 O-O-O 17. O-O-O Ng4 18. Re1 Nxf2 19. Rg1 Ng4 20. Bd3 Ne3
21. g3 Kb8 22. Nb3 Rhe8 23. Bxh7 f5 24. Bg6 Re5 25. h4 Bf3 26. Nd2 Bd5 27. Re2
Rc8 28. Nf1 Bc4 29. Re1 Bxf1 30. Rgxf1 Rxc2+ 31. Kb1 Rec5 32. Bxf5 Nxf5 33.
Rxf5 b3 34. Rxc5 Rxc5 35. g4 d3 36. Rd1 Re5 37. Kc1 Re4 38. Rxd3 Rxg4 39. Rxb3+
Kc7 40. Rh3 Rxa4 41. h5 Rf4 42. h6 Rf8 43. h7 Rh8 44. Rh6 Kb7 45. Kc2 Kc8 46.
Kb3 Kb7 47. Ka4 Kb8 48. Ka5 Kb7 49. b4 Kc7 50. Rxa6 Kb7 51. Rh6 Ka7 52. b5 Kb7
53. b6 Ka8 54. Ka6 1-0

[Event "Flint (Class A/2)"]
[Site "?"]
[Date "1990.??.??"]
[Round "?"]
[White "Manion, Tom"]
[Black "Spooner, Frank"]
[Result "1-0"]
[WhiteElo "1885"]
[BlackElo "1800"]
[PlyCount "89"]
[EventDate "1990.??.??"]

1. e4 c6 2. c4 d5 3. exd5 cxd5 4. d4 Nf6 5. Nc3 e6 6. Nf3 Be7 7. c5 Nc6 8. Bb5
O-O 9. O-O Bd7 10. Bg5 Qc7 11. Re1 b6 12. Bxc6 Bxc6 13. b4 bxc5 14. bxc5 h6 15.
Bh4 Ne4 16. Qc2 Bxh4 17. Nxh4 Qf4 18. Nf3 f6 19. Qc1 Qxc1 20. Raxc1 Rab8 21.
Nxe4 dxe4 22. Nd2 Rfd8 23. Nb3 Rbc8 24. Rc4 Rd7 25. Na5 Bd5 26. c6 Rdc7 27. Rc5
Rb8 28. a3 Kf7 29. Rec1 Ke7 30. Kf1 Rb6 31. Ke2 Kd6 32. Ke3 f5 33. a4 g5 34. g3
Rb4 35. Nb7+ Ke7 36. a5 Bxc6 37. a6 Rb3+ 38. Ke2 Bb5+ 39. Rxb5 Rxc1 40. Rxb3
Ra1 41. Nc5 Kd6 42. Rb7 Ra2+ 43. Ke3 Ra3+ 44. Rb3 Ra5 45. Nb7+ 1-0

[Event "Detroit (MI Op/1b/17)"]
[Site "?"]
[Date "1990.??.??"]
[Round "?"]
[White "Manion, Tom"]
[Black "Smith, Mike A"]
[Result "1-0"]
[WhiteElo "1915"]
[BlackElo "1795"]
[PlyCount "50"]
[EventDate "1990.??.??"]

1. e4 c6 2. d3 d5 3. Nd2 g6 4. g3 Bg7 5. Bg2 Nf6 6. Ngf3 Bg4 7. h3 Bxf3 8. Qxf3
e6 9. c3 Nbd7 10. d4 O-O 11. O-O c5 12. exd5 Nxd5 13. c4 Nc7 14. dxc5 Nxc5 15.
Ne4 Nxe4 16. Qxe4 b6 17. Bf4 Rc8 18. Rad1 Qf6 19. Bd6 Rfd8 20. Qb7 Qxb2 21.
Bxc7 Re8 22. Bc6 Rf8 23. Bd6 Rfd8 24. Be7 Rxd1 25. Qxc8+ Rd8 1-0

[Event "Lansing (MI Am/2/6)"]
[Site "?"]
[Date "1990.??.??"]
[Round "?"]
[White "Manion, Tom"]
[Black "McIntosh, S."]
[Result "0-1"]
[WhiteElo "1935"]
[BlackElo "1720"]
[PlyCount "136"]
[EventDate "1990.??.??"]

{2/(6)} 1. e4 e6 2. d3 d5 3. Nd2 c5 4. g3 Nc6 5. Ngf3 Nf6 6. Bg2 e5 7. exd5
Nxd5 8. Nc4 Bg4 9. h3 Bxf3 10. Bxf3 Be7 11. O-O O-O 12. Ne3 Nxe3 13. Bxe3 Qd7
14. Bg2 Rae8 15. Qh5 f5 16. Bg5 Bxg5 17. Qxg5 Nd4 18. Qh4 b6 19. g4 Nxc2 20.
Rac1 Nd4 21. Rfe1 fxg4 22. hxg4 Nf3+ 23. Bxf3 Rxf3 24. g5 Rf4 25. Qh5 Qg4+ 26.
Qxg4 Rxg4+ 27. Kf1 Rxg5 28. Re3 Rf5 29. Rce1 Kf7 30. Kg2 Re6 31. Rh3 Rg6+ 32.
Kf1 h6 33. Rhe3 Rgf6 34. R1e2 Rd6 35. Kg2 g5 36. Rh3 Kg6 37. Re1 g4 38. Rhe3
Rd4 39. b3 h5 40. Rxe5 Rxd3 41. Re6+ Rf6 42. Re7 Rd2 43. R1e2 Rxe2 44. Rxe2 Rc6
45. Kg3 Kf6 46. Kh4 Rc7 47. Re8 Kg6 48. Rg8+ Kf5 49. Rf8+ Ke4 50. Kxh5 Rg7 51.
Kh4 b5 52. Kg3 c4 53. Rc8 Kd3 54. Rd8+ Kc2 55. bxc4 bxc4 56. Kf4 Rb7 57. Kxg4
c3 58. Rc8 Kb2 59. f4 c2 60. f5 c1=Q 61. Rxc1 Kxc1 62. Kg5 a5 63. f6 a4 64. Kg6
Kb2 65. f7 Rxf7 66. Kxf7 Kxa2 67. Ke6 Kb2 68. Kd5 a3 0-1

[Event "Flint (Class A/3)"]
[Site "?"]
[Date "1990.??.??"]
[Round "?"]
[White "Manion, Tom"]
[Black "Calton, Bill"]
[Result "1-0"]
[WhiteElo "1885"]
[BlackElo "2050"]
[PlyCount "47"]
[EventDate "1990.??.??"]

1. e4 d6 2. d4 g6 3. Nf3 Nf6 4. Nc3 Bg7 5. Bc4 O-O 6. O-O Nxe4 7. Bxf7+ Rxf7 8.
Nxe4 Nc6 9. Neg5 Rf8 10. d5 Ne5 11. Nd4 Rf6 12. Nge6 Bxe6 13. Nxe6 Qd7 14. Nxg7
Kxg7 15. Bg5 Rff8 16. Qd4 Qg4 17. f4 Rf7 18. h3 Qh5 19. fxe5 Qxg5 20. exd6+ Kg8
21. Rxf7 Kxf7 22. Rf1+ Kg8 23. dxc7 Qg3 24. Qc4 1-0

[Event "Lansing (MI Am/4/9)"]
[Site "?"]
[Date "1990.??.??"]
[Round "?"]
[White "Manion, Tom"]
[Black "Anderson, Gale"]
[Result "1-0"]
[WhiteElo "1935"]
[BlackElo "1710"]
[PlyCount "99"]
[EventDate "1990.??.??"]

{4/(9)} 1. e4 c5 2. Nf3 Nc6 3. d4 cxd4 4. Nxd4 e5 5. Nb5 d6 6. N1c3 a6 7. Na3
Be6 8. Nc4 b5 9. Ne3 Nf6 10. Bd3 Be7 11. Ncd5 O-O 12. O-O Rc8 13. Bd2 Re8 14.
a4 Rb8 15. axb5 axb5 16. Ra6 Qc8 17. Qa1 Bxd5 18. Nxd5 Nxd5 19. exd5 Nd4 20.
Bc3 Qg4 21. Qd1 Qc8 22. Qa1 Qg4 23. f4 Ne2+ 24. Bxe2 Qxe2 25. fxe5 dxe5 26. Re1
Bc5+ 27. Kh1 Qh5 28. b4 Bd4 29. Bxd4 exd4 30. Rxe8+ Rxe8 31. Ra8 f6 32. h3 Qe5
33. Rxe8+ Qxe8 34. Qxd4 Qe1+ 35. Qg1 Qd2 36. Qc5 Qc1+ 37. Kh2 Qf4+ 38. Kg1 Qc1+
39. Kf2 Qf4+ 40. Ke2 Qe4+ 41. Kd1 Qxg2 42. Qxb5 Qg1+ 43. Kd2 h6 44. Qe8+ Kh7
45. Qe4+ Kg8 46. Qe6+ Kh7 47. Kc3 Qa1+ 48. Kc4 Qa2+ 49. Kd3 h5 50. Qf5+ 1-0

[Event "Detroit (MI Op/2/38)"]
[Site "?"]
[Date "1990.??.??"]
[Round "?"]
[White "Lubben, Don"]
[Black "Skidmore, Mike"]
[Result "1-0"]
[WhiteElo "1815"]
[BlackElo "1955"]
[PlyCount "69"]
[EventDate "1990.??.??"]

{2/(38)} 1. e4 c6 2. d4 d5 3. Nc3 dxe4 4. Nxe4 Bf5 5. Ng3 Bg6 6. Nf3 h6 7. Bc4
e6 8. Ne5 Bh7 9. Qe2 Qe7 10. O-O Nf6 11. a3 Nbd7 12. Bb3 Nxe5 13. dxe5 Nd5 14.
c4 Nb6 15. Rd1 Qc7 16. Bd2 Nd7 17. Bc3 Be7 18. Ba2 O-O 19. Ne4 Nxe5 20. c5 Bxe4
21. Qxe4 Bf6 22. Rd6 Nd7 23. Bb1 g6 24. Qe3 Bxc3 25. bxc3 Kh7 26. Rd4 Kg7 27.
Bc2 Nf6 28. Rad1 Rad8 29. Rd6 Rd7 30. R1d4 Rfd8 31. Qe5 b6 32. Rf4 Rxd6 33.
Qxf6+ Kg8 34. cxd6 Qxd6 35. Qxf7+ 1-0

[Event "Lansing (MI Am/2/33)"]
[Site "?"]
[Date "1990.??.??"]
[Round "?"]
[White "Lubben, Don"]
[Black "Pope, Nick"]
[Result "1-0"]
[WhiteElo "1840"]
[BlackElo "1605"]
[PlyCount "47"]
[EventDate "1990.??.??"]

{2/(33)} 1. e4 e6 2. d4 d5 3. Nc3 Bb4 4. Bd2 c5 5. dxc5 Bxc5 6. Qg4 Ne7 7. Qxg7
Rg8 8. Qxh7 Qb6 9. O-O-O Bxf2 10. exd5 Kf8 11. Bb5 Nd7 12. Nf3 Be3 13. Rhf1 Rg7
14. Qh8+ Rg8 15. Qh5 Nf6 16. Ne5 Bxd2+ 17. Rxd2 Ng6 18. Nxg6+ Rxg6 19. Rxf6 Kg7
20. Rxg6+ fxg6 21. Qe5+ Kf7 22. Rd4 exd5 23. Qe8+ Kf6 24. Nxd5+ 1-0

[Event "Detroit (MI Op/4/34)"]
[Site "?"]
[Date "1990.??.??"]
[Round "?"]
[White "Lubben, Don"]
[Black "Darbro, D."]
[Result "1-0"]
[WhiteElo "1815"]
[BlackElo "1920"]
[PlyCount "62"]
[EventDate "1990.??.??"]

{4/(34)} 1. e4 e6 2. d4 d5 3. Nc3 Bb4 4. Bd2 Bxc3 5. Bxc3 dxe4 6. Qg4 Nf6 7.
Qxg7 Rg8 8. Qh6 Nbd7 9. O-O-O Ng4 10. Qd2 Ndf6 11. h3 e3 12. fxe3 Ne4 13. Qe2
Ngf2 14. Rh2 Nxd1 15. Qxd1 Qd6 16. Nf3 Nxc3 17. bxc3 Qa3+ 18. Kd2 Qxa2 19. Ne5
Bd7 20. Qh5 O-O-O 21. Bc4 Qb1 22. g4 Ba4 23. Qxh7 Rgf8 24. Nxf7 Rde8 25. Ne5
Qg1 26. Re2 Rf1 27. Kd3 Rd1+ 28. Ke4 Qh1+ 29. Kf4 Rf8+ 30. Kg5 Qf1 31. Bxe6+
Kb8 {[Remainder illegible; 1-0, 51?]} 1-0

[Event "Lansing (MI Am/4/30)"]
[Site "?"]
[Date "1990.??.??"]
[Round "?"]
[White "Lubben, Don"]
[Black "Burnham, Kim"]
[Result "1-0"]
[WhiteElo "1840"]
[BlackElo "1605"]
[PlyCount "75"]
[EventDate "1990.??.??"]

{4/(30)} 1. e4 e6 2. d4 d5 3. Nc3 Nf6 4. Bg5 dxe4 5. Nxe4 Be7 6. Bd3 Nbd7 7.
Nxf6+ Nxf6 8. Nf3 O-O 9. Qd2 b6 10. O-O-O Bb7 11. h4 c5 12. dxc5 Bxc5 13. Qe2
Qe7 14. Rd2 Rfd8 15. Rhd1 Rac8 16. g3 h6 17. Bxf6 Qxf6 18. Ne5 Bd4 19. f4 Bxe5
20. fxe5 Qf3 21. Qxf3 Bxf3 22. Bh7+ Kxh7 23. Rxd8 Rxd8 24. Rxd8 Kg6 25. Rd7 a6
26. Rd6 Kf5 27. Rxb6 Kxe5 28. Rxa6 f5 29. Kd2 g5 30. hxg5 hxg5 31. Ke3 Bb7 32.
Rb6 f4+ 33. gxf4+ gxf4+ 34. Kf2 Be4 35. c3 f3 36. Ke3 Kf5 37. Rb4 Bc6 38. Rf4+
1-0

[Event "Detroit (MI Op/7/31)"]
[Site "?"]
[Date "1990.??.??"]
[Round "?"]
[White "Lubben, Don"]
[Black "Brattin, Vincent"]
[Result "1/2-1/2"]
[WhiteElo "1865"]
[BlackElo "1930"]
[PlyCount "92"]
[EventDate "1990.??.??"]

{7/(31)} 1. e4 c6 2. d4 d5 3. Nc3 dxe4 4. Nxe4 Bf5 5. Ng3 Bg6 6. Nf3 Nd7 7. Bc4
e6 8. Qe2 Ngf6 9. O-O Bd6 10. Ng5 O-O 11. Re1 Qc7 12. Bb3 e5 13. dxe5 Nxe5 14.
N3e4 Nxe4 15. Nxe4 Bxe4 16. Qxe4 Rae8 17. Bd2 h6 18. Bc3 Re7 19. Rad1 Rfe8 20.
Qd4 Rd7 21. Qe4 Rde7 22. h3 Nd7 23. Qg6 Rxe1+ 24. Bxe1 Nf8 25. Qg4 Qe7 26. Bc3
Be5 27. Re1 Qd6 28. Bxf7+ Kxf7 29. Qf5+ Bf6 30. Rxe8 Kxe8 31. Qc8+ Qd8 32. Qxb7
Bxc3 33. Qxc6+ Kf7 34. Qxc3 Qd1+ 35. Kh2 Qd6+ 36. g3 Ne6 37. Qf3+ Kg8 38. Qa8+
Kh7 39. Qxa7 Nd4 40. c3 Nf3+ 41. Kg2 Qd5 42. Qe3 Ne1+ 43. Kf1 Nc2 44. Qf4 Qd1+
45. Kg2 Ne1+ 46. Kh2 Nf3+ 1/2-1/2

[Event "Detroit (MI Op/5/29)"]
[Site "?"]
[Date "1990.??.??"]
[Round "?"]
[White "Lubben, Don"]
[Black "Balkany, A."]
[Result "0-1"]
[WhiteElo "1815"]
[BlackElo "1955"]
[PlyCount "122"]
[EventDate "1990.??.??"]

{5/(29)} 1. e4 Nf6 2. e5 Nd5 3. d4 d6 4. c4 Nb6 5. f4 dxe5 6. fxe5 Nc6 7. Be3
Bf5 8. Nc3 e6 9. Nf3 Bg4 10. Qd2 Be7 11. O-O-O Qd7 12. h3 Bxf3 13. gxf3 f6 14.
f4 fxe5 15. fxe5 O-O-O 16. Rg1 g6 17. Kb1 Rhf8 18. Be2 Rf7 19. Rgf1 Rxf1 20.
Bxf1 Bh4 21. Ne4 Ne7 22. Bg5 Bxg5 23. Qxg5 Nf5 24. Nc5 Qf7 25. Qg2 c6 26. Qf2
Qe7 27. Ne4 Kc7 28. c5 Nd5 29. Nd6 Nde3 30. Rd3 Nxf1 31. Qxf1 Rf8 32. Rb3 Rb8
33. Rd3 Rf8 34. Rf3 Qh4 35. Rf4 Qg3 36. Rf3 Qh4 37. Rb3 Rb8 38. Rf3 Qxd4 39.
Nxf5 gxf5 40. Rg3 Qxe5 41. Qg1 Rd8 42. Rg7+ Rd7 43. Rxd7+ Kxd7 44. Qd1+ Ke7 45.
Qh5 Qe4+ 46. Kc1 f4 47. Qg5+ Kf7 48. Qh5+ Kf6 49. h4 Qf5 50. Qh6+ Ke5 51. Qg7+
Kd5 52. Qxb7 f3 53. Qd7+ Kc4 54. Qxc6 f2 55. Qa6+ Kd4 56. Qd6+ Ke3 57. Qg3+ Ke2
58. Qg2 Qf3 59. Qh2 Qe3+ 60. Kc2 Qd3+ 61. Kc1 Qd1# 0-1

[Event "Flint (Class C/4)"]
[Site "?"]
[Date "1990.??.??"]
[Round "?"]
[White "Lloyd, M."]
[Black "Rodriguez, Juan"]
[Result "0-1"]
[WhiteElo "1605"]
[BlackElo "1605"]
[PlyCount "92"]
[EventDate "1990.??.??"]

1. d4 Nf6 2. c4 e6 3. Nc3 b6 4. Bg5 Be7 5. Nf3 Bb7 6. e3 O-O 7. Bd3 d5 8. O-O
Nbd7 9. Rc1 Ne4 10. Bxe7 Qxe7 11. Nd2 f5 12. f3 Nef6 13. cxd5 Bxd5 14. a3 c5
15. Re1 Qf7 16. Nxd5 Nxd5 17. Nc4 Qf6 18. Qa4 Rfd8 19. Nd6 Qg5 20. f4 Qe7 21.
Nb5 a6 22. Nc3 b5 23. Qd1 Nxc3 24. bxc3 c4 25. Be2 Qxa3 26. Bf3 Rab8 27. e4 Nc5
28. Qc2 Nd3 29. Ra1 Nxe1 30. Rxa3 Nxc2 31. Ra2 Ne3 32. Rxa6 Kf7 33. Kf2 fxe4
34. Bxe4 Nd1+ 35. Ke1 Nxc3 36. Bxh7 Rxd4 37. g3 Rd1+ 38. Kf2 b4 39. g4 Rbd8 40.
Ra7+ Kf8 41. h3 R1d2+ 42. Kg3 Nd5 43. f5 Rd3+ 44. Kh4 Nf4 45. fxe6 Rxh3+ 46.
Kg5 Nxe6+ 0-1

[Event "Flint (Class C/1)"]
[Site "?"]
[Date "1990.??.??"]
[Round "?"]
[White "Lloyd, M."]
[Black "Cain, B."]
[Result "0-1"]
[WhiteElo "1605"]
[BlackElo "1605"]
[PlyCount "102"]
[EventDate "1990.??.??"]

1. e4 e6 2. d4 d5 3. e5 c5 4. c3 Nc6 5. Nf3 Qb6 6. Be2 cxd4 7. cxd4 Bd7 8. O-O
Nh6 9. Nbd2 Nf5 10. Nb3 Be7 11. Qd3 Rc8 12. Bd2 Bb4 13. Rac1 O-O 14. a3 Bxd2
15. Nfxd2 Ncxd4 16. Rfe1 Nxe2+ 17. Qxe2 Bb5 18. Qg4 Rc6 19. Rxc6 bxc6 20. Qb4
Ba6 21. Qc3 Rc8 22. Nc5 d4 23. Qc2 Rd8 24. Nf3 d3 25. Qc3 Rd5 26. b4 Bc8 27.
Rd1 Ba6 28. Rd2 Qb5 29. Ne1 Qc4 30. Qxc4 Bxc4 31. f4 Rd4 32. g3 h5 33. Kf2 Ne7
34. Ke3 Nf5+ 35. Kf2 h4 36. Nf3 Rd8 37. g4 Ne7 38. Nxh4 Nd5 39. Nxd3 Nxf4 40.
Ng2 Rxd3 41. Rxd3 Nxd3+ 42. Ke3 Nxe5 43. Kd4 f6 44. g5 Bb5 45. Kc5 fxg5 46. Ne1
Kf7 47. Nc2 g4 48. Nd4 Ba4 49. b5 cxb5 50. Nxb5 Bxb5 51. Kxb5 Nf3 0-1

[Event "Lansing (Apr)"]
[Site "?"]
[Date "1990.??.??"]
[Round "?"]
[White "Little, T."]
[Black "Cusenza, J."]
[Result "0-1"]
[WhiteElo "1605"]
[BlackElo "1605"]
[PlyCount "116"]
[EventDate "1990.??.??"]

1. Nf3 d5 2. c4 d4 3. b4 Bg4 4. Bb2 Bxf3 5. exf3 e5 6. a3 Nf6 7. d3 Bd6 8. g3
O-O 9. Bg2 c6 10. O-O a5 11. c5 Be7 12. Re1 Nbd7 13. Nd2 axb4 14. axb4 b6 15.
Qc2 bxc5 16. Rxa8 Qxa8 17. Ra1 Qb7 18. f4 exf4 19. Nb3 fxg3 20. hxg3 cxb4 21.
Bxc6 Qc7 22. Nxd4 Ne5 23. Nb5 Qxc6 24. Qxc6 Nxc6 25. Rb1 Nd5 26. Kg2 Rb8 27.
Nd4 Nxd4 28. Bxd4 Bf6 29. Ba7 Rb7 30. Re1 Re7 31. Rxe7 Nxe7 32. Bc5 b3 33. Ba3
Nc6 34. Kf3 Nb4 35. Ke2 Bd4 36. Kd2 f5 37. Bxb4 b2 38. Kc2 Bxf2 39. Bd6 Bd4 40.
Ba3 Be5 41. Bxb2 Bxg3 42. Kd2 h5 43. Ke2 g5 44. Kf3 h4 45. Bf6 g4+ 46. Kg2 Kf7
47. Bg5 Ke6 48. d4 f4 49. d5+ Kxd5 50. Bxh4 Bxh4 51. Kg1 Ke4 52. Kh2 Kf3 53.
Kg1 Kg3 54. Kh1 Kf2 55. Kh2 Ke2 56. Kg2 f3+ 57. Kh1 f2 58. Kh2 Ke1 0-1

[Event "Lansing (Apr)"]
[Site "?"]
[Date "1990.??.??"]
[Round "?"]
[White "Little, T."]
[Black "Cunningham, J."]
[Result "0-1"]
[WhiteElo "1605"]
[BlackElo "1605"]
[PlyCount "56"]
[EventDate "1990.??.??"]

1. Nf3 d5 2. c4 c6 3. b3 Bg4 4. Bb2 Bxf3 5. gxf3 e6 6. a3 Nf6 7. d3 Nbd7 8. Nd2
Bd6 9. b4 b6 10. Nb3 O-O 11. Qc2 e5 12. c5 bxc5 13. Nxc5 Bxc5 14. bxc5 Qa5+ 15.
Bc3 Qxc5 16. Qb2 Rab8 17. Bb4 Qb5 18. e4 c5 19. d4 Qa4 20. dxc5 Nxc5 21. Rb1
Rfd8 22. Qxe5 Re8 23. Qc3 Ne6 24. Bd3 Nf4 25. O-O dxe4 26. fxe4 Nxe4 27. Rbe1
Nxc3 28. Rxe8+ Rxe8 0-1